[Event "Titled Tuesday intern op 22nd Nov Early"]
[Site "Chess.com INT"]
[Date "2022.11.22"]
[Round "8"]
[White "Goriatchkin, Jouri"]
[Black "Avazkhonov, Alikhon"]
[Result "0-1"]
[WhiteElo "2318"]
[BlackElo "1538"]
[PlyCount "84"]
[EventDate "2022.11.22"]
[EventType "swiss (blitz)"]
[EventRounds "11"]
[EventCountry "USA"]
[SourceTitle "CBM 211 Extra"]
[Source "ChessBase"]
[SourceDate "2023.01.31"]
[SourceVersion "1"]
[SourceVersionDate "2023.01.31"]
[SourceQuality "1"]

1. d4 Nf6 2. Bg5 Ne4 3. Bf4 c5 4. f3 Qa5+ 5. c3 Nf6 6. Nd2 Nc6 7. d5 Nd8 8. Nc4 Qa6 9. e4 b5 10. Na3 c4 11. Ne2 e6 12. d6 Nb7 13. Nd4 Nxd6 14. Bxd6 Qxd6 15. Naxb5 Qc5 16. Qa4 Be7 17. Qxc4 0-0 18. Qxc5 Bxc5 19. Be2 a6 20. Nb3 Be3 21. N5d4 d6 22. Nc2 Bb6 23. 0-0-0 Rd8 24. Ncd4 Bb7 25. Bd3 a5 26. Bc2 a4 27. Nd2 a3 28. b3 d5 29. e5 Nd7 30. f4 Rac8 31. N2f3 Rxc3 32. Rd3 Rxd3 33. Bxd3 Rc8+ 34. Kb1 Nc5 35. Be2 Ne4 36. Ka1 Nc3 37. Bd3 Ne4 38. Bxe4 dxe4 39. Nb5 exf3 40. gxf3 Ba6 41. Nd6 Bd4+ 42. Kb1 Bd3# 0-1

[Event "Titled Tuesday intern op 22nd Nov Early"]
[Site "Chess.com INT"]
[Date "2022.11.22"]
[Round "5"]
[White "Goriatchkin, Jouri"]
[Black "Buscar, Michael"]
[Result "1-0"]
[WhiteElo "2318"]
[BlackElo "2041"]
[PlyCount "97"]
[EventDate "2022.11.22"]
[EventType "swiss (blitz)"]
[EventRounds "11"]
[EventCountry "USA"]
[SourceTitle "CBM 211 Extra"]
[Source "ChessBase"]
[SourceDate "2023.01.31"]
[SourceVersion "1"]
[SourceVersionDate "2023.01.31"]
[SourceQuality "1"]

1. d4 Nf6 2. Bg5 e6 3. e4 Be7 4. Bxf6 Bxf6 5. Nf3 d6 6. Bd3 e5 7. d5 Bg4 8. Nbd2 Nd7 9. h3 Bh5 10. c4 a5 11. a3 a4 12. Bc2 Nc5 13. b4 axb3 14. Nxb3 Nxb3 15. Bxb3 Bxf3 16. Qxf3 0-0 17. 0-0 b6 18. Qc3 Bg5 19. a4 Ra5 20. Bc2 g6 21. Rfb1 f5 22. Rb5 fxe4 23. Rxa5 bxa5 24. Bxe4 Qa8 25. Rb1 Qa7 26. Rb2 Bh4 27. g3 Bg5 28. h4 Bh6 29. Kg2 Qc5 30. Qd3 Bc1 31. Rc2 Ba3 32. h5 Kg7 33. hxg6 h6 34. f3 Rb8 35. g4 Rb1 36. Kg3 Qg1+ 37. Rg2 Qe1+ 38. Kh3 Bc5 39. g5 h5 40. Qe2 Qh1+ 41. Rh2 Qc1 42. Rg2 Qf4 43. Bxb1 h4 44. Be4 Be3 45. Qc2 Bf2 46. Qxf2 Kg8 47. Qxh4 Qc1 48. Qh7+ Kf8 49. Qf7# 1-0

[Event "Titled Tuesday intern op 22nd Nov Early"]
[Site "Chess.com INT"]
[Date "2022.11.22"]
[Round "7"]
[White "Muminova, Nafisa"]
[Black "Goriatchkin, Jouri"]
[Result "0-1"]
[WhiteElo "2274"]
[BlackElo "2318"]
[PlyCount "46"]
[EventDate "2022.11.22"]
[EventType "swiss (blitz)"]
[EventRounds "11"]
[EventCountry "USA"]
[SourceTitle "CBM 211 Extra"]
[Source "ChessBase"]
[SourceDate "2023.01.31"]
[SourceVersion "1"]
[SourceVersionDate "2023.01.31"]
[SourceQuality "1"]

1. e4 c6 2. d4 d5 3. exd5 cxd5 4. Bd3 Nc6 5. c3 Nf6 6. h3 g6 7. Nf3 Bf5 8. Be2 Qc7 9. 0-0 Bg7 10. Nbd2 0-0 11. Re1 a6 12. Nf1 b5 13. Ng3 b4 14. Nxf5 gxf5 15. Bd3 e6 16. Bg5 Ne4 17. c4 Nxg5 18. Nxg5 dxc4 19. Bxc4 Nxd4 20. Rc1 Qf4 21. Nf3 Nxf3+ 22. Qxf3 Qxf3 23. g3 Bxb2 0-1

[Event "Titled Tuesday intern op 22nd Nov Early"]
[Site "Chess.com INT"]
[Date "2022.11.22"]
[Round "11"]
[White "Shapiro, Daniel E"]
[Black "Goriatchkin, Jouri"]
[Result "1-0"]
[WhiteElo "2284"]
[BlackElo "2318"]
[PlyCount "75"]
[EventDate "2022.11.22"]
[EventType "swiss (blitz)"]
[EventRounds "11"]
[EventCountry "USA"]
[SourceTitle "CBM 211 Extra"]
[Source "ChessBase"]
[SourceDate "2023.01.31"]
[SourceVersion "1"]
[SourceVersionDate "2023.01.31"]
[SourceQuality "1"]

1. d4 d5 2. c4 dxc4 3. e4 Nf6 4. e5 Nd5 5. Bxc4 Nb6 6. Bd3 Nc6 7. Ne2 Bg4 8. Be3 e6 9. a3 Ne7 10. Nbc3 c6 11. f3 Bh5 12. Ng3 Bg6 13. 0-0 Bxd3 14. Qxd3 Ned5 15. Bf2 Be7 16. Nge4 0-0 17. Rad1 Qc7 18. g3 Rfd8 19. f4 Nxc3 20. bxc3 Bxa3 21. Ng5 g6 22. g4 c5 23. Qh3 f5 24. Nxe6 Qf7 25. Nxd8 Rxd8 26. gxf5 cxd4 27. cxd4 gxf5 28. Bh4 Be7 29. Bxe7 Qxe7 30. Qxf5 Nd5 31. Rd3 Kh8 32. Rg3 Rf8 33. Qg4 b5 34. Rf2 Qf7 35. f5 b4 36. f6 Re8 37. Rfg2 a5 38. e6 1-0

[Event "Titled Tuesday intern op 01st Nov Early"]
[Site "Chess.com INT"]
[Date "2022.11.01"]
[Round "6"]
[White "Goriatchkin, Jouri"]
[Black "Itkis, Boris"]
[Result "0-1"]
[WhiteElo "2318"]
[BlackElo "2343"]
[PlyCount "56"]
[EventDate "2022.11.01"]
[EventType "swiss (blitz)"]
[EventRounds "11"]
[EventCountry "USA"]
[SourceTitle "EXT 2024"]
[Source "ChessBase"]
[SourceDate "2023.10.10"]
[SourceVersion "1"]
[SourceVersionDate "2023.10.10"]
[SourceQuality "1"]

1. d4 Nf6 2. c4 Nc6 3. Nc3 e5 4. d5 Ne7 5. e4 Ng6 6. Bd3 Bb4 7. f3 0-0 8. Be3 d6 9. Nge2 a5 10. Qd2 Nh5 11. g4 Nhf4 12. Nxf4 exf4 13. Bxf4 Qf6 14. Be3 Ne5 15. 0-0-0 Nxf3 16. Qc2 Bxg4 17. Rdf1 Qe5 18. h3 Bh5 19. a3 Bxc3 20. bxc3 f5 21. Bd4 Nxd4 22. cxd4 Qxd4 23. exf5 c6 24. dxc6 bxc6 25. Rhg1 d5 26. cxd5 cxd5 27. Qb2 Rfc8+ 28. Bc2 Qe3+ 0-1

[Event "Titled Tuesday intern op 01st Nov Early"]
[Site "Chess.com INT"]
[Date "2022.11.01"]
[Round "10"]
[White "Goriatchkin, Jouri"]
[Black "Mihailidis, Anastasios"]
[Result "0-1"]
[WhiteElo "2318"]
[BlackElo "2208"]
[PlyCount "90"]
[EventDate "2022.11.01"]
[EventType "swiss (blitz)"]
[EventRounds "11"]
[EventCountry "USA"]
[SourceTitle "EXT 2024"]
[Source "ChessBase"]
[SourceDate "2023.10.10"]
[SourceVersion "1"]
[SourceVersionDate "2023.10.10"]
[SourceQuality "1"]

1. d4 d5 2. Bf4 Nf6 3. e3 e6 4. Nf3 Bd6 5. Bxd6 Qxd6 6. c4 dxc4 7. Nc3 0-0 8. Bxc4 c5 9. 0-0 cxd4 10. Qxd4 Qe7 11. Rfd1 Nc6 12. Qh4 b6 13. e4 Qc5 14. Bb3 Ne5 15. Nxe5 Qxe5 16. Bc2 Bb7 17. f4 Qh5 18. Qxh5 Nxh5 19. g3 Nf6 20. Kf2 Ng4+ 21. Kg1 Rfd8 22. Rxd8+ Rxd8 23. Rd1 Rxd1+ 24. Bxd1 Ne3 25. Kf2 Nxd1+ 26. Nxd1 Bxe4 27. Ke3 Bc6 28. Kd4 Kf8 29. Ne3 Ke7 30. f5 f6 31. fxe6 Kxe6 32. b4 h5 33. Nc2 g5 34. Na3 Bb7 35. Nb5 a6 36. Nc3 Bc6 37. a4 a5 38. b5 Bb7 39. Na2 Bd5 40. Nc1 Bf3 41. Nb3 Bd1 42. Nd2 Bxa4 43. Kc4 Bd1 44. Ne4 Be2+ 45. Kc3 Bxb5 0-1

[Event "Titled Tuesday intern op 25th Oct Early"]
[Site "Chess.com INT"]
[Date "2022.10.25"]
[Round "2"]
[White "Goriatchkin, Jouri"]
[Black "Lawson, Eric"]
[Result "0-1"]
[WhiteElo "2318"]
[BlackElo "2371"]
[PlyCount "54"]
[EventDate "2022.10.25"]
[EventType "swiss (blitz)"]
[EventRounds "11"]
[EventCountry "USA"]
[SourceTitle "EXT 2024"]
[Source "ChessBase"]
[SourceDate "2023.10.10"]
[SourceVersion "1"]
[SourceVersionDate "2023.10.10"]
[SourceQuality "1"]

1. d4 Nf6 2. c4 c5 3. d5 e6 4. Nc3 exd5 5. Nxd5 Nxd5 6. cxd5 d6 7. e3 g6 8. Bc4 Bg7 9. Ne2 a6 10. a4 0-0 11. 0-0 Bg4 12. f3 Bc8 13. Nc3 Nd7 14. e4 Ne5 15. Be2 g5 16. Be3 h6 17. Qd2 Ng6 18. a5 Rb8 19. Na4 Bd7 20. Nb6 Bb5 21. Bxb5 axb5 22. Rab1 f5 23. exf5 Rxf5 24. Qd3 Re5 25. Qxg6 Rxe3 26. Rfe1 Qe8 27. Kf2 Qxg6 0-1

[Event "Titled Tuesday intern op 25th Oct Early"]
[Site "Chess.com INT"]
[Date "2022.10.25"]
[Round "1"]
[White "Goriatchkin, Jouri"]
[Black "Lymar, Vladislav"]
[Result "1/2-1/2"]
[WhiteElo "2318"]
[BlackElo "2066"]
[PlyCount "92"]
[EventDate "2022.10.25"]
[EventType "swiss (blitz)"]
[EventRounds "11"]
[EventCountry "USA"]
[SourceTitle "EXT 2024"]
[Source "ChessBase"]
[SourceDate "2023.10.10"]
[SourceVersion "1"]
[SourceVersionDate "2023.10.10"]
[SourceQuality "1"]

1. d4 d5 2. Bf4 Nf6 3. e3 c5 4. c3 Nc6 5. Nd2 h6 6. Ngf3 Nh5 7. Be5 Nxe5 8. Nxe5 Nf6 9. Bd3 e6 10. 0-0 Bd6 11. f4 0-0 12. Ndf3 Ne4 13. Bxe4 dxe4 14. Nd2 f5 15. Qb3 Qc7 16. Ndc4 Be7 17. a4 Rb8 18. a5 Kh7 19. Kh1 g5 20. g3 b5 21. axb6 axb6 22. Na3 Bd7 23. Nb5 Bxb5 24. Qxb5 Ra8 25. Qb3 Qd6 26. Rfd1 gxf4 27. gxf4 Bf6 28. Rxa8 Rxa8 29. dxc5 Qxc5 30. Qxe6 Bxe5 31. Qxf5+ Kh8 32. Qxe5+ Qxe5 33. fxe5 Ra2 34. Rd6 Rxb2 35. Rxh6+ Kg7 36. Rh4 Kg6 37. Rxe4 Kf5 38. Rb4 Re2 39. Rxb6 Rxe3 40. e6 Rxc3 41. Kg2 Re3 42. h4 Rxe6 43. Rxe6 Kxe6 44. Kg3 Kf6 45. h5 Kg5 46. h6 Kxh6 1/2-1/2

[Event "Titled Tuesday intern op 25th Oct Early"]
[Site "Chess.com INT"]
[Date "2022.10.25"]
[Round "3"]
[White "Krzywda, Andrzej"]
[Black "Goriatchkin, Jouri"]
[Result "1-0"]
[WhiteElo "2249"]
[BlackElo "2318"]
[PlyCount "53"]
[EventDate "2022.10.25"]
[EventType "swiss (blitz)"]
[EventRounds "11"]
[EventCountry "USA"]
[SourceTitle "EXT 2024"]
[Source "ChessBase"]
[SourceDate "2023.10.10"]
[SourceVersion "1"]
[SourceVersionDate "2023.10.10"]
[SourceQuality "1"]

1. e4 c6 2. d4 d5 3. exd5 cxd5 4. Bd3 Nc6 5. c3 Nf6 6. Bf4 Bg4 7. Qb3 Qd7 8. Nd2 e6 9. Ngf3 Bxf3 10. Nxf3 a6 11. 0-0 Be7 12. Rae1 0-0 13. Qc2 h6 14. Qd2 Rfe8 15. h4 Bf8 16. g3 Nh5 17. Be3 f5 18. Ne5 Qc7 19. g4 Nf6 20. gxf5 Nxe5 21. dxe5 exf5 22. exf6 gxf6 23. Bxh6 Qh7 24. Bxf8 Qxh4 25. Bd6 Qg4+ 26. Bg3 Kg7 27. Qf4 1-0

[Event "Titled Tuesday intern op 25th Oct Early"]
[Site "Chess.com INT"]
[Date "2022.10.25"]
[Round "11"]
[White "Larina, Marija"]
[Black "Goriatchkin, Jouri"]
[Result "0-1"]
[WhiteElo "1948"]
[BlackElo "2318"]
[PlyCount "96"]
[EventDate "2022.10.25"]
[EventType "swiss (blitz)"]
[EventRounds "11"]
[EventCountry "USA"]
[SourceTitle "EXT 2024"]
[Source "ChessBase"]
[SourceDate "2023.10.10"]
[SourceVersion "1"]
[SourceVersionDate "2023.10.10"]
[SourceQuality "1"]

1. e4 e6 2. d4 d5 3. Nc3 Bb4 4. Bd3 dxe4 5. Bxe4 Nf6 6. Bf3 c6 7. a3 Be7 8. g3 b6 9. Nge2 Bb7 10. 0-0 Nbd7 11. Bg2 0-0 12. h3 Qc7 13. Be3 c5 14. Bf4 Qc8 15. d5 exd5 16. Nxd5 Nxd5 17. Bxd5 Bxd5 18. Qxd5 Nf6 19. Qf3 Qxh3 20. Rad1 Rfd8 21. Nc3 Ng4 22. Qg2 Qxg2+ 23. Kxg2 Bf6 24. Na4 Ne5 25. b3 Nc6 26. Bc1 Nd4 27. Bb2 Nxc2 28. Bxf6 gxf6 29. Nc3 Nxa3 30. Ne4 Kg7 31. f4 Nc2 32. Kf3 Nd4+ 33. Kg2 Nxb3 34. f5 Rxd1 35. Rxd1 Nd4 36. g4 a5 37. g5 fxg5 38. f6+ Kg6 39. Nd6 a4 40. Re1 Ne6 41. Ne4 a3 42. Ra1 b5 43. Nd6 b4 44. Nc4 a2 45. Nb2 b3 46. Kf3 Nd4+ 47. Ke4 Kxf6 48. Kd5 g4 0-1

[Event "Titled Tuesday intern op 13th Sep Early"]
[Site "Chess.com INT"]
[Date "2022.09.13"]
[Round "9"]
[White "Goriatchkin, Jouri"]
[Black "Dilmukhametov, Artur"]
[Result "0-1"]
[WhiteElo "2318"]
[BlackElo "2276"]
[PlyCount "20"]
[EventDate "2022.09.13"]
[EventType "swiss (blitz)"]
[EventRounds "11"]
[EventCountry "USA"]
[SourceTitle "EXT 2023"]
[Source "ChessBase"]
[SourceDate "2022.10.05"]
[SourceVersion "1"]
[SourceVersionDate "2022.10.05"]
[SourceQuality "1"]

1. d4 Nf6 2. Bg5 d6 3. Bxf6 gxf6 4. c4 Nd7 5. Nc3 e5 6. dxe5 fxe5 7. e4 Bh6 8. Nf3 b6 9. Bd3 Bb7 10. Nh4 Qxh4 0-1

[Event "Titled Tuesday intern op 22 Mar Early"]
[Site "Chess.com INT"]
[Date "2022.03.22"]
[Round "1"]
[White "Omariev, Maksim"]
[Black "Goriatchkin, Jouri"]
[Result "0-1"]
[WhiteElo "2304"]
[BlackElo "2318"]
[PlyCount "70"]
[EventDate "2022.03.22"]
[EventType "swiss (blitz)"]
[EventRounds "11"]
[EventCountry "USA"]
[SourceTitle "CBM 207 Extra"]
[Source "ChessBase"]
[SourceDate "2022.05.31"]
[SourceVersion "1"]
[SourceVersionDate "2022.05.31"]
[SourceQuality "1"]

1. g4 d5 2. Bg2 Bxg4 3. c4 c6 4. cxd5 cxd5 5. Qb3 Nc6 6. Bxd5 e6 7. Qxb7 exd5 8. Qxc6+ Bd7 9. Qxd5 Nf6 10. Qe5+ Be7 11. Nf3 Rc8 12. Nc3 0-0 13. d4 Bc6 14. Qg3 Bd6 15. Bf4 Bxf4 16. Qxf4 Qe7 17. Rg1 Kh8 18. 0-0-0 Bxf3 19. Qxf3 Qb4 20. Kb1 Rb8 21. b3 a5 22. Ka1 Rbc8 23. Na4 Rfd8 24. e4 Rxd4 25. Qe3 Rxd1+ 26. Rxd1 Qe7 27. e5 Ng4 28. Qe4 Nxe5 29. f4 Ng6 30. Qxe7 Nxe7 31. Rd7 Re8 32. Ra7 Ng6 33. Rxa5 Nxf4 34. Rf5 Nd3 35. Rxf7 Re1# 0-1

[Event "Titled Tuesday intern op 15 Mar Early"]
[Site "Chess.com INT"]
[Date "2022.03.15"]
[Round "4"]
[White "Pourkashiyan, Atousa"]
[Black "Goriatchkin, Jouri"]
[Result "1-0"]
[WhiteElo "2322"]
[BlackElo "2318"]
[PlyCount "61"]
[EventDate "2022.03.15"]
[EventType "swiss (blitz)"]
[EventRounds "11"]
[EventCountry "USA"]
[SourceTitle "CBM 207 Extra"]
[Source "ChessBase"]
[SourceDate "2022.05.31"]
[SourceVersion "1"]
[SourceVersionDate "2022.05.31"]
[SourceQuality "1"]

1. e4 c6 2. d4 d5 3. Nd2 dxe4 4. Nxe4 Nd7 5. Ng5 Ngf6 6. Bd3 e6 7. N1f3 h6 8. Nxe6 Qe7 9. 0-0 fxe6 10. Bg6+ Kd8 11. Re1 b6 12. a4 Nd5 13. c4 Nc7 14. b3 Qf6 15. Qd3 Bd6 16. Bb2 Nf8 17. Be4 Qe7 18. Bxc6 Rb8 19. d5 Bb7 20. Rad1 Bxc6 21. dxc6 Ne8 22. Be5 Kc7 23. b4 Rd8 24. Qe2 Bxe5 25. Qxe5+ Nd6 26. c5 Ng6 27. cxd6+ Rxd6 28. Qg3 Nf8 29. Nd4 e5 30. Nb5+ Kxc6 31. Nxd6 1-0

[Event "Titled Tuesday intern op 15 Mar Early"]
[Site "Chess.com INT"]
[Date "2022.03.15"]
[Round "7"]
[White "Samaganova, Alexandra"]
[Black "Goriatchkin, Jouri"]
[Result "1/2-1/2"]
[WhiteElo "1917"]
[BlackElo "2318"]
[PlyCount "46"]
[EventDate "2022.03.15"]
[EventType "swiss (blitz)"]
[EventRounds "11"]
[EventCountry "USA"]
[SourceTitle "CBM 207 Extra"]
[Source "ChessBase"]
[SourceDate "2022.05.31"]
[SourceVersion "1"]
[SourceVersionDate "2022.05.31"]
[SourceQuality "1"]

1. c4 c6 2. Nf3 d5 3. e3 Nf6 4. Nc3 e6 5. d4 Be7 6. Bd3 0-0 7. 0-0 Nbd7 8. b3 b6 9. Bb2 Bb7 10. Rc1 c5 11. cxd5 Nxd5 12. e4 Nxc3 13. Bxc3 cxd4 14. Bxd4 Nc5 15. Bxc5 Bxc5 16. Bb1 Qxd1 17. Rfxd1 Rfd8 18. Ne5 Ba3 19. Rxd8+ Rxd8 20. Re1 Bb4 21. Rc1 Ba3 22. Re1 Bb4 23. Rc1 Ba3 1/2-1/2

[Event "WchT Seniors 50"]
[Site "Prague"]
[Date "2020.03.11"]
[Round "6.3"]
[White "Yakimenko, Alexander A"]
[Black "Goriatchkin, Jouri"]
[Result "1/2-1/2"]
[WhiteElo "2149"]
[BlackElo "2310"]
[PlyCount "83"]
[EventDate "2020.03.06"]
[EventType "team-swiss"]
[EventRounds "7"]
[EventCountry "CZE"]
[SourceTitle "CBM 195 Extra"]
[Source "ChessBase"]
[SourceDate "2020.05.31"]
[SourceVersion "1"]
[SourceVersionDate "2020.05.31"]
[SourceQuality "1"]
[WhiteTeam "Russia 50 II"]
[BlackTeam "Russia 50"]
[WhiteTeamCountry "RUS"]
[BlackTeamCountry "RUS"]

1. e4 e6 2. d4 d5 3. Nc3 Nf6 4. Bg5 Bb4 5. Nge2 dxe4 6. a3 Be7 7. Bxf6 Bxf6 8. Nxe4 Nd7 9. g3 Be7 10. Bg2 Nf6 11. 0-0 0-0 12. Qd3 c6 13. N2c3 Rb8 14. Rad1 Qb6 15. Nxf6+ Bxf6 16. Ne4 Be7 17. b4 a5 18. c3 Qc7 19. f4 b6 20. Ng5 Bxg5 21. fxg5 axb4 22. axb4 c5 23. Qc4 Bb7 24. d5 exd5 25. Bxd5 Qe7 26. Rfe1 Qxg5 27. bxc5 bxc5 28. Qxc5 h6 29. c4 Bxd5 30. cxd5 Rfd8 31. Qd4 Rd6 32. Re5 Qg6 33. Rde1 Rb1 34. Rxb1 Qxb1+ 35. Kg2 Qc2+ 36. Kh3 Qc8+ 37. Kg2 Qc2+ 38. Kh3 Qc8+ 39. Kg2 Qc2+ 40. Kh3 Kh7 41. Qf4 Qc8+ 42. Kg2 1/2-1/2

[Event "Pardubice Czech op-A 30th"]
[Site "Pardubice"]
[Date "2019.07.25"]
[Round "7"]
[White "Parizek, Vojtech"]
[Black "Goriatchkin, Jouri"]
[Result "0-1"]
[WhiteElo "2199"]
[BlackElo "2316"]
[PlyCount "106"]
[EventDate "2019.07.19"]
[EventType "swiss"]
[EventRounds "9"]
[EventCountry "CZE"]
[SourceTitle "CBM 191"]
[Source "ChessBase"]
[SourceDate "2019.08.31"]
[SourceVersion "1"]
[SourceVersionDate "2019.08.31"]
[SourceQuality "1"]

1. e4 e6 2. d4 d5 3. Nc3 Nf6 4. e5 Nfd7 5. f4 c5 6. Nf3 Nc6 7. Be3 a6 8. Qd2 b5 9. a3 Qb6 10. Nd1 a5 11. Be2 Ba6 12. 0-0 Be7 13. c3 b4 14. g4 Bxe2 15. Qxe2 bxc3 16. bxc3 h5 17. Nf2 hxg4 18. Nxg4 Qa6 19. Qc2 g6 20. c4 dxc4 21. dxc5 Bxc5 22. Rfc1 Bxe3+ 23. Nxe3 Qa7 24. Qf2 Nb6 25. Nxc4 Nxc4 26. Rxc4 Qxf2+ 27. Kxf2 Ne7 28. Rb1 Nd5 29. Rb7 0-0 30. Ng5 Rab8 31. Rxb8 Rxb8 32. a4 Rb2+ 33. Kg3 Rb3+ 34. Kf2 Kg7 35. Rc5 Nxf4 36. Rxa5 Nh3+ 37. Nxh3 Rxh3 38. Kg2 Rh4 39. Kg3 g5 40. Ra7 Re4 41. a5 Rxe5 42. h4 gxh4+ 43. Kxh4 Kg6 44. a6 Re4+ 45. Kg3 Ra4 46. Kf3 e5 47. Ke3 f5 48. Ra8 Ra3+ 49. Ke2 Kg5 50. a7 Kf4 51. Kd1 Ra2 52. Kc1 Ke4 53. Kd1 f4 0-1

[Event "Pardubice Czech op-A 30th"]
[Site "Pardubice"]
[Date "2019.07.19"]
[Round "1"]
[White "Koubova, Anna Marie"]
[Black "Goriatchkin, Jouri"]
[Result "1/2-1/2"]
[WhiteElo "2094"]
[BlackElo "2316"]
[PlyCount "89"]
[EventDate "2019.07.19"]
[EventType "swiss"]
[EventRounds "9"]
[EventCountry "CZE"]
[SourceTitle "CBM 191"]
[Source "ChessBase"]
[SourceDate "2019.08.31"]
[SourceVersion "1"]
[SourceVersionDate "2019.08.31"]
[SourceQuality "1"]

1. d4 d5 2. c4 e6 3. Nf3 Nf6 4. g3 Bb4+ 5. Bd2 Be7 6. Bg2 c6 7. Qc2 0-0 8. 0-0 b6 9. b3 Nbd7 10. Nc3 Ba6 11. Bf4 dxc4 12. bxc4 Bxc4 13. Nd2 Ba6 14. Bxc6 Rc8 15. Qa4 e5 16. Bxe5 Nxe5 17. dxe5 Qxd2 18. exf6 Bxf6 19. Ne4 Qxe2 20. Nxf6+ gxf6 21. Rac1 Rc7 22. Rfe1 Qd2 23. Red1 Qa5 24. Qg4+ Qg5 25. Qf3 Rfc8 26. h4 Qe5 27. Rc2 Bb5 28. Rdc1 h5 29. Kh2 Kg7 30. a4 Bxc6 31. Rxc6 Rxc6 32. Rxc6 Rxc6 33. Qxc6 Qc5 34. Qf3 b5 35. axb5 Qxb5 36. g4 Qe5+ 37. Kg2 Kg6 38. gxh5+ Qxh5 39. Qa8 Qg4+ 40. Kf1 Qh3+ 41. Kg1 Qg4+ 42. Kf1 Qc4+ 43. Kg2 Qxh4 44. Qxa7 Qg4+ 45. Kf1 1/2-1/2

[Event "Gibraltar Masters 17th"]
[Site "Caleta"]
[Date "2019.01.26"]
[Round "5"]
[White "Goriatchkin, Jouri"]
[Black "Haldorsen, Benjamin"]
[Result "0-1"]
[WhiteElo "2325"]
[BlackElo "2454"]
[PlyCount "64"]
[EventDate "2019.01.22"]
[EventType "swiss"]
[EventRounds "10"]
[EventCountry "GGB"]
[SourceTitle "CBM 188 Extra"]
[Source "ChessBase"]
[SourceDate "2019.02.26"]
[SourceVersion "1"]
[SourceVersionDate "2019.02.26"]
[SourceQuality "1"]

1. e4 c5 2. Nf3 e6 3. c3 Nf6 4. e5 Nd5 5. Bc4 d6 6. d4 cxd4 7. cxd4 Be7 8. 0-0 0-0 9. Bd2 b6 10. Qe2 a5 11. exd6 Qxd6 12. Nc3 Nxc3 13. bxc3 Bb7 14. Ne5 Nd7 15. Nxd7 Qxd7 16. Rab1 Qc6 17. f4 Rac8 18. Bd3 f5 19. Rf3 Rf6 20. c4 Qd7 21. Rg3 Qxd4+ 22. Be3 Qd7 23. Bxb6 a4 24. Qe3 Rg6 25. Bd4 Rd8 26. Be5 Qc6 27. Rb5 Ba6 28. Rxg6 hxg6 29. Ra5 Rxd3 30. Qxd3 Qb6+ 31. Bd4 Qxa5 32. Bf2 Qc7 0-1